| 000 | 01369nam a22003257a 4500 | ||
|---|---|---|---|
| 001 | 332 | ||
| 003 | OSt | ||
| 005 | 20250528074018.0 | ||
| 008 | 250328b |||||||e |||| 00| f eng d | ||
| 040 | _bpor | ||
| 041 |
_heng _apor |
||
| 082 |
_a823 _bM449s |
||
| 100 | 1 |
_aMaugham, W. Somerset _d1874-1965 |
|
| 240 | _aOf human bondage | ||
| 245 |
_aServidão Humana / _cMaugham, W. Somerset ; Tradução de António Barata |
||
| 260 |
_aSão Paulo _bAbril _c1971 |
||
| 300 | _a563 p. | ||
| 490 | 1 | _aOs Imortais da Literatura Universal | |
| 520 | _aPublicado originalmente em 1915, conta a história de Philip Carey. Órfão e com uma deficiência no pé, ele passa a infância com os tios maternos e sob uma rígida formação religiosa. Mais tarde, questiona os dogmas, abandonando a religião, sem abrir mão do conteúdo ético de sua crença. A partir de então, busca caminhos diferentes para recomeçar a vida. Semi-autobiográfico, o romance narra a trajetória da formação do caráter. | ||
| 650 | 0 |
_aLiteratura Inglesa _989 |
|
| 650 | 0 |
_aQuestionamento Religioso _9683 |
|
| 650 | 0 |
_aDeficiência _9684 |
|
| 650 | 0 |
_aAceitação _9685 |
|
| 650 | 0 |
_aClássicos _977 |
|
| 655 | 0 |
_aRomance _923 |
|
| 655 | 0 |
_aFicção _922 |
|
| 700 |
_aAntónio Barata _eTRADUTOR _9686 |
||
| 830 |
_aOs Imortais da Literatura Universal _9461 _vvol. 19 |
||
| 942 |
_2ddc _n0 _cBK |
||
| 999 |
_c332 _d332 |
||